000
00253nam a2200097Ia 4500
001
829788
005
20250826172305.0
008
250824s9999 xx 000 0 und d
245
0
_a
SEVGİLERİ YOK EDEN KİM
_c
ÖMER BEKMEZCİ
260
_b
TEBEŞİR YAYINLARI
999
_c
829788
_d
829788